Snel reken quiz zo maar even tussendoor - Quiz 19 - Statistieken

Algemene statistieken
  • Deze quiz is 7 keer genomen
  • De gemiddelde score is 18 van 20
Antwoordstatistieken
Hint Antwoord % Correct
390 195
100%
568 284
100%
688 344
100%
812 406
100%
846 423
100%
88 44
100%
970 485
100%
124 62
100%
524 262
100%
60 30
100%
1248 624
100%
358 : 2 = 179
86%
666 333
86%
944 472
86%
298 149
86%
498 249
86%
678 339
86%
776 388
71%
1148 574
71%
1296 648
71%
Geen overeenkomende quizzen gevonden
Scoreverdeling
Procent van Mensen met Elke Score
Percentiel versus Aantal Correcte Antwoorden
Uw Scoregeschiedenis
U heeft deze quiz nog niet genomen